| 000 | 00471nam a2200169Ia 4500 | ||
|---|---|---|---|
| 005 | 20260330110348.0 | ||
| 008 | 260330s9999||||xx |||||||||||||| ||und|| | ||
| 020 | _a9582009595 | ||
| 041 | _aspa | ||
| 100 | _aAutores Varios | ||
| 245 | 0 |
_aFamous Tales And Stories For Performance. Historias Y Cuentos Famosos Para Representar / _cAutores Varios |
|
| 250 | _a1 ed. | ||
| 260 |
_aBogota : _bNew Way Magisterio. _c2008 |
||
| 300 | _a119 | ||
| 650 | _aLENGUAS | ||
| 942 | _cBK | ||
| 999 |
_c876 _d876 |
||